| 000 | 00943nam a2200121Ia 4500 | ||
|---|---|---|---|
| 008 | 220620s9999||||xx |||||||||||||| ||und|| | ||
| 245 | 0 | _aComputational Fluid Dynamics (CFD) of Chemical Processes | |
| 546 | _aEnglish[eng] | ||
| 650 | _acomputational fluid dynamics (CFD)||Eulerian continuum fluid||volume of fluid (VOF)||multiscale simulation||multiphase flow||multiphysics||chemical and biological processes||circulating fluidized bed riser||computational fluid dynamics||eulerian–eulerian||drag models||2D simulation||multi-tubular reactor||oxidative dehydrogenation (ODH)||reactor design||butadiene||multiscale modeling||liquid plunging jet||waste water treatment||VOF||void fraction||air entrainment||conjugate heat transfer||open-cell foams||structured reactors||volumetric heat sources||fluid properties||STAR-CCM+||dynamic operation | ||
| 700 | _aLim, Young-Il | ||
| 856 | _uhttps://mdpi.com/books/pdfview/book/3412 | ||
| 942 | _cEB | ||
| 999 |
_c32286 _d32286 |
||